NFL All Time Points Leaders Top 100 - Statistics

General Stats
  • This quiz has been taken 17 times
  • The average score is 13 of 97
Answer Stats
Rank Player (+HOF) Position Points Years Played Teams Played % Correct
65 Emmitt Smith+ RB 1,052 1990-2004 DAL, ARI
69%
1 Adam Vinatieri+ K 2,673 1996-2019 NWE, IND
63%
3 Gary Anderson K 2,434 1982-2004 PIT, PHI, SF, MIN, TEN
50%
17 Justin Tucker K 1,775 2012-2024 BAL
50%
2 Morten Andersen+ K 2,544 1982-2007 NO, ATL, NYG, KC, MIN
50%
19 Norm Johnson K 1,736 1982-1999 SEA, ATL, PIT, PHI
50%
45 Jerry Rice+ K 1,256 1985-2004 SF, OAK, SEA
44%
81 Randy Moss+ WR 950 1998-2012 MIN, OAK, NWE, TEN, SF
44%
12 Sebastian Janikowski K 1,913 2000-2018 OAK, SEA
44%
76 LaDainian Tomlinson+ RB 972 2001-2011 SD, NYJ
38%
13 Matt Prater K 1,908 2007-2025 ATL, DEN, DET, ARI, BUF
38%
14 Stephen Gostkowski K 1,875 2006-2020 NWE, TEN
38%
46 Chris Boswell K 1,250 2015-2025 PIT
31%
36 Greg Zuerlein K 1,409 2012-2024 STL/LAR, DAL, NYJ
31%
59 Harrison Butker K 1,122 2017-2025 KC
31%
72 Jake Elliott K 1,007 2017-2025 PHI
31%
84 Terrell Owens+ WR 942 1996-2010 SF, PHI, DAL, BUF, CIN
31%
43 Brandon McManus K 1,265 2014-2025 DEN, JAC, GB
25%
7 George Blanda+ K 2,002 1949-1975 CHI, BAL, HOU, OAK
25%
22 Jan Stenerud+ K 1,699 1967-1985 KC, GB, MIN
25%
38 Mark Moseley K 1,382 1970-1986 PHI, HOU, WSH, CLE
25%
11 Mason Crosby K 1,939 2007-2023 GB, LAR
25%
16 Nick Folk K 1,826 2007-2025 DAL, NYJ, TB, NWE, TEN
25%
10 Robbie Gould K 1,961 2005-2022 CHI, NYG, SF
25%
55 Cairo Santos K 1,144 2014-2025 KC, CHI, LAR, TB, TEN, CHI
19%
87 Daniel Carlson K 919 2018-2025 MIN, OAK/LVR
19%
4 Jason Hanson K 2,150 1992-2012 DET
19%
68 Ka'imi Fairbairn K 1,033 2017-2025 HOU
19%
97 Marcus Allen+ RB 872 1982-1997 LAR, KC
19%
64 Mike Vanderjagt K 1,067 1998-2006 IND, DAL
19%
54 Stephen Hauschka K 1,149 2008-2020 BAL, DEN, SEA, BUF, JAC
19%
67 Todd Peterson K 1,043 1994-2005 SEA, KC, PIT, SF, ATL
19%
74 Dustin Hopkins K 985 2015-2024 WSH, LAC, CLE
13%
32 Graham Gano K 1,434 2009-2025 WSH, BAL, CAR, NYG
13%
42 Jason Myers K 1,289 2015-2025 JAC, NYJ, SEA
13%
37 Josh Brown K 1,395 2003-2016 SEA, STL, CIN, NYG
13%
58 Kris Brown K 1,123 1999-2010 PIT, HOU, SD
13%
83 Randy Bullock K 943 2013-2023 HOU, NYJ, NYG, PIT, CIN, TEN
13%
23 Ryan Longwell K 1,687 1997-2012 GB, MIN, SEA
13%
53 Wil Lutz K 1,162 2016-2025 NO, DEN
13%
56 Dan Bailey K 1,130 2011-2020 DAL, MIN
6%
20 David Akers K 1,721 1998-2013 WSH, PHI, SF, DET
6%
100 Errol Mann K 846 1968-1978 GB, DET, OAK
6%
63 Garo Yepremian K 1,074 1966-1981 DET, MIA, NO, TB
6%
8 Jason Elam K 1,983 1993-2009 DEN, ATL
6%
30 Jay Feely K 1,451 2001-2014 ATL, NYG, MIA, NYJ, ARI, CHI
6%
5 John Carney K 2,062 1988-2010 TB, LAR, SD, NO, JAC, KC
6%
66 Josh Scobee K 1,046 2004-2015 JAC, PIT
6%
50 Kevin Butler K 1,208 1985-1997 CHI, ARI
6%
18 Matt Bryant K 1,758 2002-2019 NYG, IND, MIA, TB, ATL
6%
6 Matt Stover K 2,004 1991-2009 NYG, CLE, BAL, IND
6%
92 Nate Kaeding K 895 2004-2012 SD, MIA
6%
69 Rob Bironas K 1,032 2005-2013 TEN
6%
91 Roy Gerela K 903 1969-1979 HOU, PIT, SD
6%
33 Ryan Succop K 1,430 2009-2022 KC, TEN, TB
6%
90 Shaun Suisham K 907 2005-2014 DAL, WSH, PIT
6%
44 Shayne Graham K 1,260 2001-2015 BUF, CAR, CIN, NYG, NWE, MIA, BAL, HOU, NO, ATL
6%
26 Al Del Greco K 1,584 1984-2000 GB, STL/PHX, HOU/TEN
0%
94 Bobby Walston K 881 1951-1962 PHI
0%
70 Bruce Gossett K 1,031 1964-1974 LAR, SF
0%
89 Chip Lohmiller K 913 1988-1996 WSH, NO, STL
0%
49 Chris Bahr K 1,213 1976-1989 CIN, OAK, LAR, SD
0%
82 Chris Jacke K 944 1989-1999 GB, WSH, ARI
0%
73 Dan Carpenter K 999 2008-2016 MIA, BUF
0%
62 Don Cockroft K 1,080 1968-1980 CLE
0%
88 Doug Brien K 915 1994-2005 SF, NO, IND, TB, MIN, NYJ, CHI
0%
25 Eddie Murray K 1,594 1980-2000 DET, KC, TB, DAL, PHI, WSH, MIN
0%
40 Fred Cox K 1,365 1963-1977 MIN
0%
85 Fuad Reveiz K 931 1985-1995 MIA, SD, MIN
0%
77 Greg Davis K 962 1987-1998 ATL, NWE, PHO/ARI, MIN, SD, OAK
0%
71 Jeff Jaeger K 1,008 1987-1999 CLE, LA/OAK, CHI
0%
79 Jeff Reed K 959 2002-2010 PIT, SF
0%
35 Jeff Wilkins K 1,416 1994-2007 PHI, SF, STL
0%
39 Jim Bakken K 1,380 1962-1978 LAR
0%
47 Jim Breech K 1,246 1979-1992 OAK, CIN
0%
31 Jim Turner K 1,439 1964-1979 NYJ, DEN
0%
61 Joe Nedney K 1,113 1996-2010 MIA, ARI, OAK, DEN, CAR, TEN, SF
0%
93 John Hall K 889 1997-2006 NYJ, WSH
0%
9 John Kasay K 1,970 1991-2011 SEA, CAR, NO
0%
86 Lawrence Tynes K 927 2004-2012 KC, NYG
0%
24 Lou Groza+ K 1,608 1946-1967 CLE
0%
80 Lou Michaels K 955 1958-1971 LAR, PIT, BAL, GB
0%
34 Matt Bahr K 1,422 1979-1995 PIT, SF, CLE, NYG, PHI, NWE
0%
95 Mike Hollis K 879 1995-2002 JAC, BUF
0%
51 Mike Nugent K 1,180 2005-2020 NYJ, TB, ARI, CIN,DAL, CHI, OAK, NWE
0%
52 Neil Rackers K 1,164 2000-2011 CIN, ARI, HOU
0%
21 Nick Lowery K 1,711 1978-1996 NWE, KC, NYJ
0%
27 Olindo Mare K 1,555 1997-2012 MIA, NO, SEA, CAR, CHI
0%
29 Pat Leahy K 1,470 1974-1991 NYJ
0%
99 Pete Gogolak K 863 1964-1974 BUF, NYG
0%
48 Pete Stoyanovich K 1,236 1989-2000 MIA, KC, STL
0%
15 Phil Dawson K 1,847 1999-2018 CLE, SF, ARI
0%
78 Rafael Septien K 960 1977-1986 LAR, DAL
0%
41 Rian Lindell K 1,350 2000-2013 SEA, BUF, TB
0%
75 Sam Baker K 977 1953-1969 WSH, CLE, DAL, PHI
0%
28 Steve Christie K 1,476 1990-2004 TB, BUF, SD, NYG
0%
96 Tony Zendejas K 874 1985-1995 HOU, LAR, ATL, SF
0%
No matching quizzes found
Score Distribution
Percent of People with Each Score
Percentile by Number Answered
Your Score History
You have not taken this quiz